000 01247nab a2200217 4500
005 20170906094609.0
008 170906s ck a||||r|||| 00| 0 spa d
040 _aCO-BoIAVH
_cCO-BoIAVH
041 0 _aspa
044 _ack
100 1 _aCórdoba Córdoba, Sergio
_eautor
245 1 0 _aIlustración de aves, comunicación científica y su difusión en la zona cafetera de Colombia /
_cSergio Córdoba
260 _aBogotá (Colombia) :
_bBanco de la República,
_c2016.
300 _apáginas 33-44 ;
_bilustraciones a color
520 2 _aExiste una estrecha relación entre la ciencia y el arte de la comunicación gráfica. La posibilidad de transmitir a aquellos que se encuentran a grandes distancias información sobre especies, paisajes y entorno de regiones a los cuales solo unos pocos han tenido la fortuna de conocer, ha hecho posible que se amplíe el conocimiento de las regiones, la fauna y la flora del planeta.
650 2 6 _aAves
_xIlustración científica
650 2 6 _aOrnitología
_xIlustración científica
650 2 6 _aCiencia
_xComunicación gráfica
773 0 _dBogotá Biblioteca Luis Angel Arango. 1958 -
_o041646
_tBoletín cultural y bibliográfico BLAA
_x00066184
942 _2z
_cARTICULO
999 _c19809
_d19809